01145cam a22002771 4500001001300000003000400013005001700017008004100034010001700075035001800092040008100110050002200191082001700213086002100230111008400251245006700335260019000402300002300592500005400615504002900669650003300698650003500731710003700766710004700803999001700850hew66000109 DLC20260227111515.0721113s1966 dcu b f100 0 eng c ahew66000109  a(OCoLC)492635 aU.S. Dept. of Health, Education, and Welfare. LibrarycOClUdOCoLCdISSdDLC00aHV1465b.T7 1965a a362.6/1/09730 aFS 14.202:OL 1/42 aTraining Institute for Public Welfare Specialists on Agingd(1965 :cCleveland)10aPlanning welfare services for older people;bpapers presented. aWashington,bU.S. Dept. of Health, Education, and Welfare, Welfare Administration, Bureau of Family Services; for sale by the Superintendent of Documents, U.S. Govt. Print. Off.c[1966] avi, 198 p.c16 cm. a"Organized and conducted by the Office of Aging." aIncludes bibliographies. 0aOlder peoplezUnited States. 0aPublic welfarezUnited States.1 aUnited States.bOffice of Aging.1 aUnited States.bBureau of Family Services. c34634d34634